AH International Schools' Libraries

A wishing-chair adventure: (Record no. 48312)

MARC details
000 -LEADER
fixed length control field 00318nam a2200109 4500
020 ## - INTERNATIONAL STANDARD BOOK NUMBER
International Standard Book Number 9781405296021
100 ## - MAIN ENTRY--PERSONAL NAME
Personal name Blyton, Enid
245 ## - TITLE STATEMENT
Title A wishing-chair adventure:
Remainder of title the goblin and the lost ring /
Statement of responsibility, etc Enid Blyton & Alex Paterson
260 ## - PUBLICATION, DISTRIBUTION, ETC. (IMPRINT)
Place of publication, distribution, etc UK
Name of publisher, distributor, etc Egmont
Date of publication, distribution, etc 2020
300 ## - PHYSICAL DESCRIPTION
Extent 70 p.
Other physical details col. ill.
Dimensions 20 cm.
942 ## - ADDED ENTRY ELEMENTS (KOHA)
Source of classification or shelving scheme
Koha item type Book
Holdings
Withdrawn status Lost status Source of classification or shelving scheme Damaged status Not for loan Home library Current library Shelving location Date acquired Total Checkouts Full call number Barcode Date last seen Date checked out Price effective from Koha item type
          Asian Hope Early Years Library Asian Hope Early Years Library Junior Fiction 02/05/2025 3 CB FIC BLY 207079 12/04/2025 11/27/2025 02/05/2025 Book

For any Logos Library related questions please contact Miss Art at swongnarasuk@asianhope.org.

For any Asian Hope Library related questions please contact Miss Raza at graza@asianhope.org.

Click here to explore our ebooks!

Powered by Koha